000 00435nam a2200157 i 4500
001 59437
003 ES-MaACL
005 20230906164031.0
007 t|
008 031029s1965 sp ||||1| spa d
100 1 _aEiroa, Jorge Juan.
_946843
245 1 0 _aA viva voz /
_cJorge Juan Eiroa.
260 _a[S.l. :
_bs.n.,
_c1965] (
_eCuenca :
_fImp. Falange)
300 _a30 h. :
_bil. ;
_c19 cm.
852 _aES-MaACL
_jC-27098
_bR.56025
999 _c59437
_d59437